<?xml version="1.0" encoding="UTF-8"?>
<record
    xmlns:xsi="http://www.w3.org/2001/XMLSchema-instance"
    xsi:schemaLocation="http://www.loc.gov/MARC21/slim http://www.loc.gov/standards/marcxml/schema/MARC21slim.xsd"
    xmlns="http://www.loc.gov/MARC21/slim">

  <leader>00687nam a22001937a 4500</leader>
  <datafield tag="999" ind1=" " ind2=" ">
    <subfield code="c">170208</subfield>
    <subfield code="d">170208</subfield>
  </datafield>
  <controlfield tag="005">20191212112818.0</controlfield>
  <datafield tag="010" ind1=" " ind2=" ">
    <subfield code="a">A-842577</subfield>
  </datafield>
  <datafield tag="020" ind1=" " ind2=" ">
    <subfield code="c">92.00</subfield>
    <subfield code="a">-</subfield>
  </datafield>
  <datafield tag="035" ind1=" " ind2=" ">
    <subfield code="a">A-842577</subfield>
  </datafield>
  <datafield tag="037" ind1=" " ind2=" ">
    <subfield code="b">BPPD</subfield>
  </datafield>
  <datafield tag="082" ind1=" " ind2=" ">
    <subfield code="a">615.54</subfield>
  </datafield>
  <datafield tag="100" ind1=" " ind2=" ">
    <subfield code="a">&#x627; &#x628;&#x646;  &#x622; &#x628;&#x6CC; &#x627; &#x648; &#x633;&#x64A;&#x628;&#x6C1;</subfield>
  </datafield>
  <datafield tag="245" ind1=" " ind2=" ">
    <subfield code="a">&#x639;&#x64A;&#x648; &#x646; &#x627; &#x644;&#x627; &#x646;&#x628;&#x627;&#x621;&#x641;&#x6CC; &#x637;&#x628;&#x642;&#x627; &#x62A; &#x627; &#x644;&#x627; &#x637;&#x628;&#x627;&#x621;</subfield>
    <subfield code="c">&#x627; &#x628;&#x646;  &#x622; &#x628;&#x6CC; &#x627; &#x648; &#x633;&#x64A;&#x628;&#x6C1;</subfield>
  </datafield>
  <datafield tag="246" ind1=" " ind2=" ">
    <subfield code="a">Uyoon Al-Anba  Fi Tabaqat Al- Atibba (Urdu)</subfield>
    <subfield code="b">by Ibn-e-Abi Usaiba</subfield>
  </datafield>
  <datafield tag="260" ind1=" " ind2=" ">
    <subfield code="a">N.Delhi</subfield>
    <subfield code="c">1990 &#x621; </subfield>
    <subfield code="b">Central CouncilFor Reaserch In Unani Medicien</subfield>
  </datafield>
  <datafield tag="270" ind1=" " ind2=" ">
    <subfield code="a">5-Panchsheel Shoping Centre</subfield>
    <subfield code="b">N.Delhi </subfield>
    <subfield code="k">-</subfield>
    <subfield code="e">110017</subfield>
  </datafield>
  <datafield tag="300" ind1=" " ind2=" ">
    <subfield code="a">606 &#x635;</subfield>
    <subfield code="c">22 cm(hb)</subfield>
  </datafield>
  <datafield tag="942" ind1=" " ind2=" ">
    <subfield code="2">ddc</subfield>
    <subfield code="c">UR</subfield>
    <subfield code="h">615.54</subfield>
    <subfield code="m">&#x627; &#x628; &#x646; </subfield>
  </datafield>
  <datafield tag="952" ind1=" " ind2=" ">
    <subfield code="0">0</subfield>
    <subfield code="1">0</subfield>
    <subfield code="4">0</subfield>
    <subfield code="7">0</subfield>
    <subfield code="8">NFIC</subfield>
    <subfield code="a">L</subfield>
    <subfield code="b">L</subfield>
    <subfield code="d">2019-12-12</subfield>
    <subfield code="e">BPPD/Ven.</subfield>
    <subfield code="g">92.00</subfield>
    <subfield code="l">0</subfield>
    <subfield code="o">615.54 &#x627; &#x628; &#x646;</subfield>
    <subfield code="p">A-842577</subfield>
    <subfield code="r">2019-12-12 00:00:00</subfield>
    <subfield code="t">1</subfield>
    <subfield code="v">92.00</subfield>
    <subfield code="w">2019-12-12</subfield>
    <subfield code="y">UR</subfield>
  </datafield>
</record>
